|
|
|
|
| LEADER |
00780nam a2200181Ia 4500 |
| 008 |
140316s9999 xx 000 0 und d |
| 020 |
|
|
|
| 082 |
|
|
|a 635.92
|b SOH/DI
|
| 100 |
|
|
|a Sohi,H S
|
| 245 |
|
|
|a Diseases of ornamental plants in India
|
| 260 |
|
|
|a New Delhi
|b ICAR
|c 1992
|
| 300 |
|
|
|a 195
|
| 650 |
|
|
|
| 942 |
|
|
|2 ddc
|c BK
|
| 999 |
|
|
|c 821
|d 821
|
| 952 |
|
|
|0 0
|1 0
|2 ddc
|4 0
|6 635_920000000000000_SOHDI
|7 0
|9 924
|a KAUCLV
|b KAUCLV
|c GENERAL
|d 2014-03-18
|o 635.92 SOH/DI
|p 201962
|r 2014-03-18
|w 2014-03-18
|y BK
|
| 952 |
|
|
|0 0
|1 0
|2 ddc
|4 0
|6 635_920000000000000_SOHDI
|7 0
|9 925
|a KAUCLV
|b KAUCLV
|c GENERAL
|d 2014-03-18
|o 635.92 SOH/DI
|p 201963
|r 2014-03-18
|w 2014-03-18
|y BK
|
| 952 |
|
|
|0 0
|1 0
|2 ddc
|4 0
|6 632_000000000000000_SOHDI
|7 0
|9 926
|a KAUCLV
|b KAUCLV
|c GENERAL
|d 2014-03-18
|o 632 SOH/DI
|p 205783
|r 2014-03-18
|w 2014-03-18
|y BK
|